Statistics for FIFA Video Game Cover Athletes (UK)

Click here to take the quiz!

General Stats

  • This quiz has been taken 2,038 times
  • The average score is 15 of 37

Answer Stats

HintAnswer% Correct
FIFA 13Lionel Messi
95%
FIFA 09Wayne Rooney
88%
FIFA 10Wayne Rooney
88%
FIFA 06Wayne Rooney
88%
FIFA 11Wayne Rooney
88%
FIFA 12Wayne Rooney
88%
FIFA 08Wayne Rooney
88%
FIFA Football 2004Ronaldinho
72%
FIFA 07Ronaldinho
72%
FIFA 09Ronaldinho
72%
FIFA 06Ronaldinho
72%
FIFA Football 2002Thierry Henry
61%
FIFA Football 2004Thierry Henry
61%
FIFA: Road to World Cup 98David Beckham
51%
FIFA 10Frank Lampard
48%
FIFA 11Kaka
45%
FIFA Football 2003Ryan Giggs
34%
FIFA Football 2001Edgar Davids
32%
FIFA Football 2003Edgar Davids
32%
FIFA Football 2001Paul Scholes
32%
FIFA 12Jack Wilshere
31%
FIFA 13Joe Hart
29%
FIFA 99Dennis Bergkamp
27%
FIFA Football 2003Roberto Carlos
25%
FIFA 10Theo Walcott
25%
FIFA 13Alex Oxlade-Chamberlain
21%
FIFA Football 2004Alessandro Del Piero
19%
FIFA Football 2005Andriy Shevchenko
14%
FIFA Football 2005Patrick Vieira
13%
FIFA 2000Sol Campbell
11%
FIFA Football 2005Fernando Morientes
6%
FIFA 97David Ginola
5%
FIFA 08Ronaldhino
3%
FIFA 07Wayne Rooney
3%
FIFA Inernational SoccerDavid Platt
2%
FIFA 95Eric Thorstvedt
1%
FIFA 96Frank de Boer
1%

Score Distribution

Percentile by Number Answered

Percent of People with Each Score

Your Score History

You have not taken this quiz